| 000 | 00509nam a22001937a 4500 | ||
|---|---|---|---|
| 003 | koha_MIRAKIL | ||
| 005 | 20231213095438.0 | ||
| 008 | 231213b |||||||| |||| 00| 0 ||| d | ||
| 020 | _b9-75494185-8 | ||
| 040 |
_aTR-IsEVY _btur _cTR-IsEVY |
||
| 082 | _a810 BAL/M | ||
| 100 | _aKabaağaçlı, Cevat Şakir. | ||
| 245 | 0 | _aMavi sürgün | |
| 260 |
_bBilgi, _c2008 |
||
| 300 | _a265 s. | ||
| 650 | _aTürk edebiyatı -- Yaşamöyküsü. | ||
| 650 | _aTurkish literature -- Biyography. | ||
| 942 |
_2ddc _cBK |
||
| 999 |
_c3744 _d3744 |
||